Sports Quiz

Random Sports or Popular Quiz

Popular Oregon High School Nicknames Quiz Stats

 Plays Quiz not verified by Sporcle

Challenge
Share
Tweet
Embed
Score 0/11 Timer 03:00
0 Plays Today
Number Name % Correct
13Tigers
90%
20Eagles
85%
8Lions
80%
13Cougars
65%
10Bulldogs
60%
12Warriors
55%
9Panthers
50%
7Falcons
50%
7Mustangs
40%
7Vikings
35%
9Pirates
30%

You're not logged in!

Compare scores with friends on all Sporcle quizzes.
Join for Free
OR
Log In

You Might Also Like...

Show Comments

Extras

Top Quizzes Today


Score Distribution

Your Account Isn't Verified!

In order to create a playlist on Sporcle, you need to verify the email address you used during registration. Go to your Sporcle Settings to finish the process.

Report this User

Report this user for behavior that violates our Community Guidelines.

Details: